Truyện cổ tích Việt Nam hay nhất

Salvato in:
Dettagli Bibliografici
Natura: Libro
Lingua:Undetermined
Pubblicazione: Hà Nội Văn hóa dân tộc 1993
Soggetti:
Tags: Aggiungi Tag
Nessun Tag, puoi essere il primo ad aggiungerne! !
Thư viện lưu trữ: Trung tâm Học liệu Trường Đại học Cần Thơ
LEADER 00543nam a2200169Ia 4500
001 CTU_6266
008 210402s9999 xx 000 0 und d
082 |a 398.20495922 
082 |b Tr527/T.1 
245 0 |a Truyện cổ tích Việt Nam hay nhất 
245 0 |c Nguyễn Cừ (sưu tầm và tuyển chọn) 
260 |a Hà Nội 
260 |b Văn hóa dân tộc 
260 |c 1993 
650 |a Folk literature, vietnamese 
904 |i Qhieu sửa 
980 |a Trung tâm Học liệu Trường Đại học Cần Thơ